Top 100 baby boy names in Sweden 2001 - Statistics

General Stats
  • This quiz has been taken 272 times
  • The average score is 38 of 100
Answer Stats
Hint Answer % Correct
59 Alex
77%
66 John
76%
8 Alexander
72%
23 David
71%
34 Daniel
70%
2 Oskar
69%
27 Oliver
67%
3 Erik
66%
5 William
66%
92 Petter
65%
33 Johan
61%
22 Carl
60%
60 Liam
58%
18 Marcus
58%
17 Adam
57%
7 Emil
55%
52 Leo
55%
9 Lucas
55%
56 Noah
55%
15 Gustav
54%
80 André
52%
25 Axel
49%
29 Samuel
49%
99 Jack
48%
42 Martin
48%
4 Anton
47%
49 Benjamin
47%
16 Elias
47%
1 Filip
47%
10 Simon
46%
47 Tim
46%
51 Fredrik
45%
21 Jacob
45%
79 Christian
44%
30 Kevin
44%
74 Theo
44%
96 Leon
43%
13 Jonathan
42%
6 Viktor
41%
14 Isak
40%
68 Jonas
40%
73 Mohammed
40%
31 Max
39%
44 Andreas
38%
39 Gabriel
38%
65 Henrik
38%
45 Mattias
37%
67 Alfred
36%
35 Felix
36%
50 Johannes
36%
86 Patrik
36%
43 Christoffer
35%
84 Kalle
35%
19 Hugo
34%
98 Albert
33%
62 Niklas
33%
58 Nils
33%
20 Rasmus
33%
24 Sebastian
33%
69 Mikael
32%
61 Olle
32%
64 Theodor
32%
32 Joel
31%
28 Ludvig
31%
83 Ali
30%
12 Albin
28%
38 Robin
28%
36 Edvin
27%
11 Linus
27%
46 Arvid
26%
77 Josef
26%
97 Noel
25%
70 Adrian
24%
37 Jesper
24%
81 Vincent
23%
82 Wilhelm
23%
41 Casper
22%
26 Hampus
22%
85 August
21%
53 Elliot
21%
88 Julius
21%
78 Love
21%
91 Olof
21%
100 Maximilian
20%
75 Rickard
20%
48 Tobias
20%
55 Dennis
19%
71 Melvin
19%
95 Ahmed
16%
57 Hannes
16%
89 Herman
16%
54 Joakim
16%
40 Pontus
16%
63 Fabian
15%
90 Malte
15%
76 Måns
14%
72 Melker
14%
93 Kim
13%
87 Emanuel
6%
94 Douglas
5%
No matching quizzes found
Score Distribution
Percent of People with Each Score
Percentile by Number Answered
Your Score History
You have not taken this quiz